[Event "Davos Challenge op"]
[Site "Davos"]
[Date "2022.06.05"]
[Round "4"]
[White "Mattenberger, Dominik"]
[Black "Deveci, Sinan"]
[Result "0-1"]
[WhiteElo "1645"]
[BlackElo "1937"]
[PlyCount "44"]
[EventDate "2022.06.03"]
[EventType "swiss"]
[EventRounds "7"]
[EventCountry "SUI"]
[SourceTitle "EXT 2023"]
[Source "ChessBase"]
[SourceDate "2022.10.05"]
[SourceVersion "1"]
[SourceVersionDate "2022.10.05"]
[SourceQuality "1"]

1. d4 Nf6 2. c4 e6 3. Nc3 Bb4 4. Qc2 d5 5. a3 Bxc3+ 6. Qxc3 0-0 7. Bg5 h6 8. Bxf6 Qxf6 9. Nf3 Nc6 10. Rd1 dxc4 11. Qxc4 e5 12. d5 e4 13. Nd2 Ne5 14. Qxe4 Ng4 15. f3 Bf5 16. Qf4 g5 17. Qg3 Ne3 18. Rc1 Qxb2 19. Rxc7 Rac8 20. d6 Rxc7 21. dxc7 Qc1+ 22. Kf2 Qxd2 0-1

[Event "Davos Challenge op"]
[Site "Davos"]
[Date "2022.06.03"]
[Round "1"]
[White "Deveci, Sinan"]
[Black "Steindl, Johannes"]
[Result "0-1"]
[WhiteElo "1937"]
[BlackElo "2291"]
[PlyCount "60"]
[EventDate "2022.06.03"]
[EventType "swiss"]
[EventRounds "7"]
[EventCountry "SUI"]
[SourceTitle "CBM 208 Extra"]
[Source "ChessBase"]
[SourceDate "2022.07.31"]
[SourceVersion "1"]
[SourceVersionDate "2022.07.31"]
[SourceQuality "1"]

1. d4 Nf6 2. Nf3 g6 3. c4 Bg7 4. Nc3 0-0 5. e4 d6 6. Be2 Nbd7 7. 0-0 e5 8. Qc2 Qe7 9. Rd1 c6 10. d5 c5 11. Rb1 Kh8 12. b4 Ng8 13. Be3 b6 14. bxc5 Nxc5 15. a4 f5 16. a5 Qd8 17. axb6 axb6 18. Ng5 f4 19. Bxc5 Qxg5 20. h4 Qe7 21. Bxb6 Qxh4 22. Nb5 g5 23. Nxd6 g4 24. Nxc8 Raxc8 25. d6 Rc6 26. c5 f3 27. Bf1 Bh6 28. g3 Qh5 29. d7 Bg5 30. d8Q Rh6 0-1

[Event "SUI-ch U14"]
[Site "Kreuzlingen"]
[Date "2016.07.01"]
[Round "3"]
[White "Zaza, Alexandre"]
[Black "Deveci, Sinan"]
[Result "1-0"]
[WhiteElo "1891"]
[BlackElo "1688"]
[PlyCount "42"]
[EventDate "2016.06.30"]
[EventType "swiss"]
[EventRounds "7"]
[EventCountry "SUI"]
[SourceTitle "EXT 2017"]
[Source "ChessBase"]
[SourceDate "2016.10.25"]
[SourceVersion "1"]
[SourceVersionDate "2016.10.25"]
[SourceQuality "1"]

1. e4 d6 2. d4 c6 3. Nc3 Qc7 4. f4 e5 5. Nf3 Bg4 6. Be3 Nd7 7. h3 Bxf3 8. Qxf3 Ngf6 9. Bc4 b5 10. Bb3 a6 11. 0-0 Rb8 12. a3 Rd8 13. Qg3 exd4 14. Bxd4 g6 15. e5 Nh5 16. exd6 Bxd6 17. Qe3+ Kf8 18. Bxh8 f6 19. Qe6 Ne5 20. fxe5 Qb6+ 21. Rf2 Qxf2+ 1-0

[Event "SUI-ch U12"]
[Site "Cham"]
[Date "2014.07.04"]
[Round "3"]
[White "Deveci, Sinan"]
[Black "Ruettimann, Eric"]
[Result "1-0"]
[WhiteElo "1561"]
[BlackElo "1425"]
[PlyCount "97"]
[EventDate "2014.07.03"]
[EventType "swiss"]
[EventRounds "7"]
[EventCountry "SUI"]
[SourceTitle "CBM 161 Extra"]
[Source "ChessBase"]
[SourceDate "2014.08.29"]
[SourceVersion "1"]
[SourceVersionDate "2014.08.29"]
[SourceQuality "1"]

1. d4 d5 2. c4 c6 3. Nf3 Nf6 4. e3 Bg4 5. h3 Bh5 6. Nc3 Nbd7 7. cxd5 cxd5 8. Qb3 Qa5 9. Qxb7 Rb8 10. Qc6 Bxf3 11. gxf3 e6 12. Qa4 Qxa4 13. Nxa4 Bb4+ 14. Bd2 Bxd2+ 15. Kxd2 Rb4 16. Kc3 Rb8 17. Bd3 Rc8+ 18. Kd2 0-0 19. Rac1 Rb8 20. Rc7 a5 21. Rhc1 Nb6 22. Nxb6 Rxb6 23. b3 Rbb8 24. Ra7 Ra8 25. Rcc7 g6 26. Kc2 h5 27. f4 Kg7 28. Kb2 h4 29. a3 Nh5 30. b4 axb4 31. axb4 Rab8 32. b5 Nf6 33. Rcb7 Ne4 34. Bxe4 dxe4 35. Kb3 Kf6 36. b6 Kg7 37. Kb4 Kg8 38. Kb5 Rfc8 39. Rxb8 Rxb8 40. b7 Kf8 41. Ka6 Ke7 42. Ra8 Rxb7 43. Kxb7 Kf6 44. Rg8 Kf5 45. Rh8 f6 46. Rxh4 g5 47. fxg5 fxg5 48. Rg4 Kf6 49. Rxe4 1-0

[Event "SUI-ch U10"]
[Site "Geneve"]
[Date "2013.06.29"]
[Round "5"]
[White "Chennaoui, Yasin"]
[Black "Deveci, Sinan"]
[Result "0-1"]
[WhiteElo "1630"]
[BlackElo "1512"]
[PlyCount "132"]
[EventDate "2013.06.27"]
[EventType "tourn"]
[EventRounds "7"]
[EventCountry "SUI"]
[SourceTitle "EXT 2014"]
[Source "ChessBase"]
[SourceDate "2013.11.20"]
[SourceVersion "1"]
[SourceVersionDate "2013.11.20"]
[SourceQuality "1"]

1. d4 Nf6 2. Nf3 e6 3. Bg5 c5 4. c3 d5 5. e3 Nc6 6. Bd3 Be7 7. Nbd2 0-0 8. 0-0 b6 9. Re1 Bb7 10. Bc2 Rc8 11. Bxf6 Bxf6 12. Qb1 g6 13. Nb3 cxd4 14. Nbxd4 Na5 15. Nb3 Nc4 16. Nbd2 Nxb2 17. Nd4 Nc4 18. Qc1 a6 19. Nxc4 Rxc4 20. Bd3 Rc5 21. Qd2 Qc7 22. Rec1 Rc8 23. Ne2 Bxc3 24. Rxc3 Rxc3 25. Nxc3 Qxc3 26. Qxc3 Rxc3 27. Be2 Rc2 28. Kf1 Kf8 29. a3 Ke7 30. Rb1 Rc6 31. Ke1 Kd7 32. Rb5 axb5 33. Bxb5 Kc7 34. Bxc6 Kxc6 35. Kd2 Kc5 36. Kc3 e5 37. Kd3 g5 38. f3 Ba6+ 39. Kc3 Bf1 40. g3 Be2 41. f4 exf4 42. gxf4 gxf4 43. exf4 f6 44. h3 d4+ 45. Kd2 Bf1 46. h4 Kc4 47. a4 h5 48. Ke1 Kd3 49. Kxf1 Kc2 50. Ke2 d3+ 51. Ke3 d2 52. Ke4 d1Q 53. Kf5 Qg4+ 54. Kxf6 Qxf4+ 55. Ke6 Kd3 56. Kd5 Qe4+ 57. Kd6 Kd4 58. Kc7 Qe6 59. Kb7 Kc5 60. Ka6 b5+ 61. Ka7 Qc6 62. a5 Qc7+ 63. Ka8 Kc6 64. a6 Qd7 65. Kb8 Kb6 66. a7 Qd8# 0-1

[Event "SUI-ch U10"]
[Site "Geneve"]
[Date "2013.06.27"]
[Round "1"]
[White "Fischer, Daniel1"]
[Black "Deveci, Sinan"]
[Result "1-0"]
[WhiteElo "1622"]
[BlackElo "1512"]
[PlyCount "93"]
[EventDate "2013.06.27"]
[EventType "tourn"]
[EventRounds "7"]
[EventCountry "SUI"]
[SourceTitle "EXT 2014"]
[Source "ChessBase"]
[SourceDate "2013.11.20"]
[SourceVersion "1"]
[SourceVersionDate "2013.11.20"]
[SourceQuality "1"]

1. e4 c5 2. Nf3 d6 3. d4 cxd4 4. Nxd4 Nf6 5. Nc3 Nc6 6. Be2 e5 7. Nb3 Be7 8. 0-0 0-0 9. Be3 Be6 10. Qd2 a5 11. f3 a4 12. Nc1 d5 13. exd5 Nxd5 14. Nxd5 Bxd5 15. Rd1 Be6 16. Qxd8 Rfxd8 17. Rxd8+ Nxd8 18. Nd3 f6 19. a3 Rc8 20. Rc1 Bd5 21. Nf2 Bc5 22. Bxc5 Rxc5 23. Bd3 Bf7 24. Ne4 Ra5 25. Rd1 Rd5 26. Nc3 Ra5 27. Bb5 Ne6 28. Rd7 Ra7 29. Bxa4 Be8 30. Re7 Bxa4 31. Nxa4 Rxa4 32. Rxe6 Rd4 33. Rb6 Rd1+ 34. Kf2 Rd2+ 35. Kg3 Rxc2 36. Rxb7 Rc4 37. b3 Rc6 38. a4 Ra6 39. Rb5 Kf7 40. a5 g6 41. Rb7+ Kg8 42. b4 h5 43. Rb6 Ra8 44. a6 Ra7 45. b5 Ra8 46. Rb7 Rxa6 47. bxa6 1-0